01262nam a2200253 a 4500008004100000020001500041050001400056100002700070245002800097260004900125300002400174350000900198500001700207650004200224650004300266650003900309710005400348710004500402995014800447995014800595999001700743952012400760952012400884120416s1992 ||||||||||||||||| || u a0521413753 aQD 51 Che aBach, P. H. (Peter H.)10aChemical safety matters aCambridge:bCambridge University Pressc1992 axviii, 284p. : ill. a0.00 aBibliography aCHEMICAL LABORATORIES--WASTE DISPOSAL aCHEMICAL LABORATORIES--SAFETY MEASURES 0aCHEMISTRY--HANDBOOKS, MANUALS, ETC aInternational Union of Pure and Applied Chemistry aInternational Program on Chemical Safety aANNEX COLLECTION (Main Library)D0.00e726386FCBU-MAIN LIBRARY (Kitwe)H1I19.95jQD 51 CheM1UAVAILABLEy020306ZAnnex Low-Usage Collection  aANNEX COLLECTION (Main Library)D0.00e726385FCBU-MAIN LIBRARY (Kitwe)H2I19.95jQD 51 CheM2UAVAILABLEy020315ZAnnex Low-Usage Collection  c78187d78187 00102lcc4070a001b001cAnnex Low-Usage Collectiond2023-05-03l0oQD 51 Chep020306r2023-05-03t1w2023-05-03y002 00102lcc4070a001b001cAnnex Low-Usage Collectiond2023-05-03l0oQD 51 Chep020315r2023-05-03t2w2023-05-03y002